| 000 | 00350nam a22001457a 4500 | ||
|---|---|---|---|
| 008 | 250709b ||||| |||| 00| 0 eng d | ||
| 020 | _a9992753188 | ||
| 041 | _aSHQIP | ||
| 080 |
_22002 _a001 |
||
| 082 |
_2001 _a001 |
||
| 100 | _a1 | ||
| 101 | _aGJUHE DHE LETERSI | ||
| 245 |
_aAUTOBIOGRAFIA E POPULLIT NE VARGJE _cISMAIL KADARE |
||
| 942 |
_2udc _cBK |
||
| 999 |
_c60720 _d60720 |
||